| Registos Bibliográficos associados ao registo de autoridade |
|
Etiqueta de registo: 00661cam 2200193 450 001 1042159 003 http://id.bnportugal.gov.pt/bib/catbnp/1042159 005 20001213000000.0 100 ## $a20001213d1948 m y0pory0103 ba 101 0# $apor 102 ## $aPT 105 ## $ay z 000yy 106 ## $ar 200 1# $a O ataque dos ingleses a Lisboa em 1589 contado por uma testemunha$fDurval Pires de Lima 210 #9 $aLisboa$c[s.n.],$d1948$g(Sociedade Astória) 215 ## $aP. 95-320, [2] p.$cil.$d27 cm 305 ## $aSep. de Lisboa e seu termo : estudos e documentos, da Associação dos Arqueólogos Portugueses,
V. 1 700 #1 $aLima,$bDurval Pires de,$f1905-1988$3135435 801 #0 $aPT$bBN$gRPC 966 ## $lBN$mFGMON$sH.G. 28637 V.$x0
Etiqueta de registo: 00682cam 02200193 04500 001 1071741 003 http://id.bnportugal.gov.pt/bib/catbnp/1071741 005 20020118172400.0 100 ## $a20011124d198 m y0pory0103 ba 101 0# $apor 102 ## $aPT 105 ## $ay z 000yy 106 ## $ar 200 1# $a O casamento da Infanta D. Maria princesa das Asturias, no contexto da hist]oria
peninsular no seculo XVI$fDurval Pires de Lima 210 #9 $a[S.l.$cs.n.],$d[198-] 215 ## $ap. 119-195$d26 cm 532 12 $a O casamento da Infanta Dona Maria princesa das Asturias, no contexto da história
peninsular no seculo XVI 675 ## $a347.6(46)"1542"$vBN$zpor$31025286 675 ## $a94(46)"15"$vBN$zpor$31021372 700 #1 $aLima,$bDurval Pires de,$f1905-1988$3135435 966 ## $lBN$mFGMON$pBiblioteca Cordeiro Pereira$sS.C. 91636 V.$x3 997 ## $aBIBEOD
Etiqueta de registo: 00785cam 2200229 450 001 1071743 003 http://id.bnportugal.gov.pt/bib/catbnp/1071743 005 20020117182400.0 100 ## $a20011124d1993 m y0pory0103 ba 101 0# $apor 102 ## $aPT 105 ## $ay z 000yy 106 ## $ar 200 1# $aCrónica do príncipe D. João, 1537-1554$eesboço de uma biografia$fDurval Pires de Lima 210 #9 $a[S.l.$cs.n.],$d1993 215 ## $ap. 233-281, [2] p.$cil.$d26 cm 305 ## $aSep. de: Anais da Academia Portuguesa de História, v. 33, 1993 532 12 $aCrónica do príncipe Dom João, 1537-1554 675 ## $a929.7 João, Príncipe de Portugal$vBN$zpor$31025106 675 ## $a94(469)"16"$vBN$zpor$3893377 700 #1 $aLima,$bDurval Pires de,$f1905-1988$3135435 801 #0 $aPT$bBN$gRPC 966 ## $lBN$mFGMON$pBiblioteca Cordeiro Pereira$sH.G. 49616 V.$x3
Etiqueta de registo: 00666cam 2200229 450 001 935892 003 http://id.bnportugal.gov.pt/bib/catbnp/935892 005 19991109175200.0 095 ## $aPTBN00950272 100 ## $a19941214d1930 k y0pory0103 ba 101 0# $apor 102 ## $aPT 200 1# $aNotícia de dois navios quinhentistas$eaditamento a um livro$fDurval R. Pires de Lima 210 #9 $aLisboa$c[s.n.],$d1930 215 ## $a36 p.$d25 cm 675 ## $a527(469)"15"$vBN$zpor$3350790 675 ## $a94(469)"15"$vBN$zpor$31048283 700 #1 $aLima,$bDurval Pires de,$f1905-1988$3135435 801 #0 $aPT$bBN$gRPC 966 ## $lBN$mFGMON$sH.G. 5336//5 V. $x0 966 ## $lBN$mFGMON$sH.G. 5339//8 V. $x0 998 ## $aLLE43-165
Etiqueta de registo: 00619caa 022001931 04500 001 83205 003 http://id.bnportugal.gov.pt/bib/catbnp/83205 005 20000525094200.0 095 ## $aPTBN00086414 100 ## $a19910921d1940 m y0pory0103 ba 101 0# $apor 102 ## $aPT 200 1# $a A política brasileira de El-Rei D. João IV$fDurval Rui Pires de Lima 300 ## $aIn: Congresso do Mundo Português. - 1940. - vol. 9, p. 337-378 ; 26 cm 532 12 $a A política brasileira de El-Rei Dom João IV 606 ## $j[Bibliografias]$2BNP$2BNP$3288700 700 #1 $aLima,$bDurval Pires de,$f1905-1988$3135435 801 #0 $aPT$bBN$gRPC 966 ## $lBN$mFGMON$sH.G. 16992 V. 998 ## $aCR467 - 00071
Etiqueta de registo: 00543cam 02200181 04500 001 820107 003 http://id.bnportugal.gov.pt/bib/catbnp/820107 005 20000520153100.0 100 ## $a19920322d1943 km y0pory0103 ba 101 0# $apor 102 ## $aPT 105 ## $aa z 000yy 106 ## $ar 200 1# $aRellação do notauel successo & aclamação del Rey Dom João IV &C.$enotícia do século XVII$fpref. e pub. por Durval Pires de Lima 210 #9 $aLisboa$c[s.n.],$d1943 215 ## $a[10] p. a 2 colns$d26 cm 518 1# $aRelação do notável sucesso & aclamação del Rei Dom João IV &C. 532 13 $aRelação do notável sucesso e aclamação del Rei Dom João IV e Cia. 675 ## $a94(469)"1640"(093)$vBN$zpor$31523784 675 ## $a091.0$vBN$zpor$3336550 675 ## $a808.2$vBN$zpor$3288933 702 #1 $aLima,$bDurval Pires de,$f1905-1988$4080$3135435 801 #0 $aPT$bBN$gRPC 966 ## $lBN$mFGMON$sH.G. 17735//5 V. $x3 966 ## $lBN$mFGMON$sH.G. 63849 V.$x6 966 ## $lBN$mFGMON$sH.G. 17735//5 V. 998 ## $aCI238-298
Etiqueta de registo: 00701cam 22002171 450 001 717494 003 http://id.bnportugal.gov.pt/bib/catbnp/717494 005 20000520153100.0 095 ## $aPTBN00504584 100 ## $a19931014d1938 m y0pory0103 ba 101 0# $apor 102 ## $aPT 105 ## $ay z 000yy 106 ## $ar 200 1# $aGil Vicente comentador da Epopeia$fDurval Pires de Lima 210 #9 $aLisboa$c[s.n.],$d1938$eLisboa :$gSoc. Nacional de Tipografia) 215 ## $a24 p.$d25 cm 300 ## $a1º Congresso da História da Expansão Portuguesa no Mundo, 5ª secção 700 #1 $aLima,$bDurval Pires de,$f1905-1988$3135435 801 #0 $aPT$bBN$gRPC 966 ## $lBN$mFGMON$pBiblioteca Jaime Cortesão$x3 966 ## $lBN$mFGMON$sH.G. 16526//10 V. $x0 966 ## $lBN$mFGMON$sH.G. 55181 V.$x3 966 ## $lBN$mFGMON$sL. 12452//16 V. 998 ## $aCB040-71
Etiqueta de registo: 00745cam 2200253 450 001 734823 003 http://id.bnportugal.gov.pt/bib/catbnp/734823 100 ## $a19931213d1943 m d0pory01030103ba 101 0# $apor 102 ## $aPT 105 ## $aa z 000yy 106 ## $ar 200 1# $a Os primeiros livros e livreiros de Lisboa$fDurval Pires de Lima 210 #9 $aLisboa$cCâmara Municipal,$d1943 215 ## $a24, [12] p.$cil.$d26 cm 306 ## $aData de capa: 1942 317 ## $aBiblioteca Jorge de Sena$5PTBN: J.S. 3825 675 ## $a655(469.411.16)"14/17"$vBN$zpor$3995769 700 #1 $aLima,$bDurval Pires de,$f1905-1988$3135435 801 #0 $aPT$bBN$gRPC 966 ## $lBN$mFGMON$sB.A.D. 2257 V. 966 ## $lBN$mFGMON$pBiblioteca Cordeiro Pereira$sB.A.D. 6215 V.$x3 966 ## $lBN$mFGMON$pBiblioteca Jorge de Sena$sJ.S. 3825$x3 998 ## $aCR630-336
Etiqueta de registo: 02261cam 02200565 04500 001 79335 003 http://id.bnportugal.gov.pt/bib/catbnp/79335 005 20011107133200.0 095 ## $aPTBN00082442 100 ## $a19891001g19401941m a0pora0103 ba 101 0# $apor 102 ## $aPT 105 ## $ay z 000yy 106 ## $ar 200 1# $aExposição bibliográfica da restauração$ecatálogo$fBiblioteca Nacional$gorg. Ataíde e Melo, Carlota Gil Pereira e Durval Pires de Lima 210 #9 $aLisboa$cB.N.,$d1940-1941 215 ## $a2 vol.$cil.$d26 cm 316 ## $aDedicatória autógrafa de Costa Veiga à BN. - Enc. de pele vermelha grav. em dourado
com cercadura em filete tendo na parte central as armas portuguesas encimadas por
grifo$5PTBN: ENC. 107 316 ## $aEnc. de pele vermelha grav. em dourado com cercadura em filete tendo na parte central
as armas portuguesas encimadas por grifo$5PTBN: ENC. 108 606 ## $j[Bibliografias]$2SIPOR$3288700 675 ## $a012$vmed$zpor$3289884 675 ## $a946.9"1640/1968"(01)$vmed$zpor$3792559 702 #1 $aMelo,$bArnaldo Faria de Ataíde e,$f1886-1950$4340$3140914 702 #1 $aPereira,$bCarlota Gil$4340$3164760 702 #1 $aLima,$bDurval Pires de,$f1905-1988$4340$3135435 710 01 $aPortugal.$bBiblioteca Nacional$33 801 #0 $aPT$bBN$gRPC 966 ## $dV. 1$lBN$mFGMON$nUsual Sala Leitura Geral$s94 (469) BNP 966 ## $dV. 2$lBN$mFGMON$nUsual Sala Leitura Geral$s94 (469) BNP 966 ## $dV. 1$lBN$mFGMON$sB. 2307 V. 966 ## $dV. 2$lBN$mFGMON$sB. 2308 V. 966 ## $dV. 1$lBN$mFGMON$nUsual Área Referência$sB. 2443 V. 966 ## $dV. 2$lBN$mFGMON$nUsual Área Referência$sB. 2444 V. 966 ## $dV. 1$lBN$mFGMON$sB. 7105 V.$x0 966 ## $dV. 2$lBN$mFGMON$sB. 7106 V.$x0 966 ## $dV. 1$lBN$mFGMON$sB. 8248 V. 966 ## $dV. 2$lBN$mFGMON$sB. 8249 V. 966 ## $dV. 1$lBN$mFGMON$sB. 9469 V. 966 ## $dV. 2$lBN$mFGMON$sB. 9470 V. 966 ## $lBN$mFGMON$nUsual Sala Leitura Reservados$sB. 10341 V. 966 ## $lBN$mFGMON$sB. 10522 V. 966 ## $lBN$mFGMON$sB. 10643 V. 966 ## $b001$dV. 1$lBN$mFGMON$pBiblioteca Cordeiro Pereira$sB. 12752 V.$x3 966 ## $b001$dV. 2$lBN$mFGMON$pBiblioteca Cordeiro Pereira$sB. 12753 V.$x3 966 ## $lBN$mFGMON$sB. 2307 V.-D 966 ## $lBN$mFGMON$sB. 2308 V.-D 966 ## $lBN$mFGMON$sB. 10341 V.-D 966 ## $lBN$mFGMON$sB. 10522 V.-D 966 ## $lBN$mMICROF$nMicrofilme$sF. 6609 966 ## $dV. 1$lBN$mRESIMP$nDedicatória autógrafa de Costa Veiga à BN. - Enc. em pele vermelha com cercadura em
filete tendo na parte central as armas portuguesas encimadas por grifo, a dourado$sENC. 107$x2 966 ## $dV. 1$lBN$mRESIMP$nEnc. em pele vermelha com cercadura em filete tendo na parte central as armas portuguesas
encimadas por grifo, a dourado$sENC. 108$x2 966 ## $dV. 2$lBN$mRESIMP$nEx. brochado$sENC. 109$x3 995 ## $aPRR2024 $d20240625$idfontes 998 ## $aCR176 - 00168
Etiqueta de registo: 00540caa 022001811 04500 001 83204 003 http://id.bnportugal.gov.pt/bib/catbnp/83204 005 20000524172300.0 095 ## $aPTBN00086413 100 ## $a19960912d1940 m y0pory0103 ba 101 0# $apor 102 ## $aPT 200 1# $a A defesa do Brasil de 1603 a 1661$fDurval Rui Pires de Lima 300 ## $aIn: Congresso do Mundo Português. - 1940. - vol. 9, p. 171 ; 26 cm 606 ## $j[Bibliografias]$2BNP$2BNP$3288700 700 #1 $aLima,$bDurval Pires de,$f1905-1988$3135435 801 #0 $aPT$bBN$gRPC 966 ## $lBN$mRESIMP$sRES. 1933 V. 998 ## $aCR467 - 00070
Etiqueta de registo: 00703cam 022002171 04500 001 83206 003 http://id.bnportugal.gov.pt/bib/catbnp/83206 005 20000520153100.0 095 ## $aPTBN00086415 100 ## $a19000001d1942 m y0pora0103 ba 101 0# $apor 102 ## $aPT 200 1# $aTemas do Brasil colonial$e as relações de Portugal com a Suécia durante a Restauração$fDurval Rui Pires de Lima 210 #9 $aLisboa$cAcademia Portuguesa de História,$d1942 215 ## $ap. 160-426, [15] est.$d33 cm 305 ## $aSep. dos "Anais", 7 606 ## $j[Bibliografias]$2BNP$2BNP$3288700 700 #1 $aLima,$bDurval Pires de,$f1905-1988$3135435 801 #0 $aPT$bBN$gRPC 966 ## $lBN$mFGMON$sH.G. 7742 A. 998 ## $aCR467 - 00072
Etiqueta de registo: 00866cam 22002531 450 001 820114 003 http://id.bnportugal.gov.pt/bib/catbnp/820114 005 20010129181500.0 095 ## $aPTBN00471409 100 ## $a19990125d1941 km y0pory0103 ba 101 0# $apor 102 ## $aPT 105 ## $a z 000yy 106 ## $ar 200 1# $aRelaçam do trivmpho e coroaçam da Serenissima Raynha de Svecia$fDurval Pires de Lima$gtrad. da lingoa latina para a portuguesa André de Noronha 210 #9 $aLisboa$c[s.n.],$d1941$eLisboa :$gImp. Libânio da Silva) 215 ## $a18 p.$d25 cm 305 ## $aSep. Arquivo Histórico Português, 4 500 10 $aRelação do triunfo e coroação da Serenissima Rainha de Suecia 700 #1 $aLima,$bDurval Pires de,$f1905-1988$3135435 702 #1 $aNoronha,$bAndré$4730$3628163 801 #0 $aPT$bBN$gRPC 966 ## $lBN$mFGMON$sH.G. 17735//11 V. $x3 966 ## $lBN$mFGMON$sH.G. 34368 V.$x0 998 ## $aCI238-304
Etiqueta de registo: 00717cam 02200205 04500 001 800132 003 http://id.bnportugal.gov.pt/bib/catbnp/800132 005 19990110000000.0 095 ## $aPTBN00588178 100 ## $a19990110f19491950m d0pory01030103ba 101 0# $apor 102 ## $aPT 105 ## $ay z 000yy 106 ## $ar 200 1# $a Os franceses no Porto$e1807-1808$ediário de uma testemunha presencial anotado e precedido de uma introdução$fintrod. Durval Pires de Lima 210 #9 $aPorto$cCâmara Municipal - Gabinete de História da Cidade$d[1949-1950] 215 ## $a2 v.$d26 cm 225 2# $aDocumentos e memórias para a história do Porto$v18 327 1# $a1ª pt.: 329, [5] p.$a2ª pt.: 229 p. 675 ## $a94(469.121)"1807/1808"$vBN$zpor$31531027 675 ## $a355.48(469.121)"1807/1808"$vBN$zpor$31959868 675 ## $a327(44+469)"180"(091)$vBN$zpor$31531029 702 #1 $aLima,$bDurval Pires de,$f1905-1988$4080$3135435 801 #0 $aPT$bBN$gRPC 966 ## $b001$d1ª pt.$lBN$mFGREV$sP.P. 11182 V.$x6 966 ## $b001$d2ª pt.$lBN$mFGREV$sP.P. 11182 V.$x6
Etiqueta de registo: 00504cam 022001811 04500 001 753505 003 http://id.bnportugal.gov.pt/bib/catbnp/753505 005 19990108000000.0 095 ## $aPTBN00540831 100 ## $a19940118d1950 km.d0pory0103 ba 101 0# $apor 102 ## $aPT 200 1# $a O ultramar na toponímia de Lisboa$fDurval Pires de Lima 210 #9 $aLisboa$cCâmara Municipal,$d1950 215 ## $a11 p.$d23 cm 305 ## $aSep. Rev. Municipal, 41 700 #1 $aLima,$bDurval Pires de,$f1905-1988$3135435 801 #0 $aPT$bBN$gRPC 966 ## $lBN$mFGMON$sH.G. 18304//3 V.
Etiqueta de registo: 00675cam 22002171 450 001 753503 003 http://id.bnportugal.gov.pt/bib/catbnp/753503 005 20000520153100.0 095 ## $aPTBN00540829 100 ## $a19940118d1949 m y0pory0103 ba 101 0# $apor 102 ## $aPT 200 1# $a Os franceses no Porto 1807-1808$ediário de uma testemunha presencial$fDurval Pires de Lima 210 #9 $a[S.l.$cs.n.],$d1949$ePorto :$gImp. Portuguesa) 215 ## $a2 v.$d26 cm 675 ## $a94(469.121)"1807/1808"$vBN$zpor$31531027 675 ## $a355.48(469.121)"1807/1808"$vBN$zpor$31959868 675 ## $a327(44+469)"180"(091)$vBN$zpor$31531029 700 #1 $aLima,$bDurval Pires de,$f1905-1988$3135435 801 #0 $aPT$bBN$gRPC 930 ## $lULLE$dHP 545-46 V$jV. 1-2 966 ## $lBN$mFGMON$sH.G. 18291 V. 966 ## $lBN$mFGMON$sH.G. 18292 V.
Etiqueta de registo: 00869cam 22002771 450 001 742307 003 http://id.bnportugal.gov.pt/bib/catbnp/742307 005 19990503133500.0 095 ## $aPTBN00529558 100 ## $a19940105d1946 m a0pory0103 ba 101 0# $apor 102 ## $aPT 105 ## $aaf z 001yy 106 ## $ar 200 1# $a O Oriente e a África desde a Restauração a Pombal$fDurval Pires de Lima 210 #9 $a[Lisboa]$cAgência Geral das Colónias,$d1946 215 ## $aXI, [2], 269 p., [8] p. il.$cil.$d22 cm 320 ## $aBibliografia, p. 261-269 675 ## $a94(469)$vBN$zpor$31565134 700 #1 $aLima,$bDurval Pires de,$f1905-1988$3135435 801 #0 $aPT$bBN$gRPC 966 ## $lBN$mFGMON$sH.G. 27412 P.$x1 966 ## $lBN$mFGMON$pDoação Jaime Cortesão$sH.G. 45250 V.$x3 998 ## $aCB057-111
Etiqueta de registo: 00619cam 022001931 04500 001 730957 003 http://id.bnportugal.gov.pt/bib/catbnp/730957 005 20000520153100.0 095 ## $aPTBN00518173 100 ## $a19931119d1941 km y0pory0103 ba 101 0# $apor 102 ## $aPT 200 1# $aApontamentos para uma história anedótica da aclamação$fDurval Pires de Lima 210 #9 $a[S.l.$cs.n.],$d1941$eLisboa :$gGráfica Santelmo) 215 ## $a28 p.$d25 cm 305 ## $aSep. do V v. dos "Trabalhos da Associação dos Arqueólogos Portugueses" 700 #1 $aLima,$bDurval Pires de,$f1905-1988$3135435 801 #0 $aPT$bBN$gRPC 966 ## $lBN$mFGMON$sH.G. 17213//14 V. 998 ## $aCB037-496
Etiqueta de registo: 00680cam 02200205 04500 001 730294 003 http://id.bnportugal.gov.pt/bib/catbnp/730294 005 19990108000000.0 095 ## $aPTBN00517511 100 ## $a19990108d1942 km y0pory01030103ba 101 0# $apor 102 ## $aPT 105 ## $ah z 000yy 106 ## $ar 200 1# $a A política brasileira de el-rei D. João IV$fDurval Pires de Lima 210 #9 $aLisboa$c[s.n.],$d1942$eLisboa :$gTip. Bertrand) 215 ## $a47, [1] p.$c2 fac-símil.$d25 cm 300 ## $aComunicação apresentada ao Congresso Luso-Brasileiro de História 532 12 $a A política brasileira de el-rei Dom João IV 700 #1 $aLima,$bDurval Pires de,$f1905-1988$3135435 801 #0 $aPT$bBN$gRPC 966 ## $lBN$mFGMON$sH.G. 16970//10 V. 966 ## $lBN$mFGMON$sS.C. 52424 V.$x3 998 ## $aCR618-223
Etiqueta de registo: 00794cam 022002531 04500 001 730293 003 http://id.bnportugal.gov.pt/bib/catbnp/730293 005 19990108000000.0 095 ## $aPTBN00517510 100 ## $a19931102d1942 km y0pory0103 ba 101 0# $apor 102 ## $aPT 200 1# $a A devassa do Dr. João Velho de Azevedo$fDurval Pires de Lima 210 #9 $aCoimbra$cCoimbra Ed.,$d1942 215 ## $a20 p.$d25 cm 305 ## $aSep. Brasilia, 1 532 12 $a A devassa do Doutor Joäo Velho de Azevedo 700 #1 $aLima,$bDurval Pires de,$f1905-1988$3135435 801 #0 $aPT$bBN$gRPC 856 40 $uhttps://purl.pt/16980 856 41 $uhttps://purl.pt/16980/service/media/cover/low 958 ## $aBND$bInterno$cDigitalizado 966 ## $lBN$mFGMON$sH.G. 16972//16 V. 998 ## $aCR618-222
Etiqueta de registo: 01344cam 2200325 450 001 753504 003 http://id.bnportugal.gov.pt/bib/catbnp/753504 100 ## $a19940118g19501972k d0pory01030103ba 101 0# $apor 102 ## $aPT 105 ## $aa z 001yy 106 ## $ar 200 1# $aHistória dos mosteiros, conventos e casas religiosas de Lisboa, na qual se dá notícia
da fundação e fundadores das instituições religiosas, igrejas, capelas e irmandades
desta cidade$fDurval Pires de Lima 210 #9 $aLisboa$cCâmara Municipal de Lisboa,$d1950-1972 215 ## $a2 v.$cil.$d28 cm 317 ## $aColeção Cremilde e Gerhard Doderer$5PTBN: DOD.H. 194 606 ## $aMosteiros$xHistória$yLisboa (Portugal)$2SIPOR$3174645 606 ## $aConventos$xHistória$yLisboa (Portugal)$2SIPOR$3174646 675 ## $a726.7(469.411.16)(091)$vBN$zpor$3407839 700 #1 $aLima,$bDurval Pires de,$f1905-1988$3135435 801 #0 $aPT$bBN$gRPC 966 ## $b002$d1.º t$lBN$mFGMON$sB.A. 13571 V.$x2 966 ## $b002$d2.º t.$lBN$mFGMON$sB.A. 13572 V.$x2 966 ## $b001$d1.º t.$lBN$mFGMON$pBiblioteca Cordeiro Pereira$sB.A. 19288 V.$x3 966 ## $b001$d2.º t.$lBN$mFGMON$pBiblioteca Cordeiro Pereira$sB.A. 19289 V.$x3 966 ## $b003$d1.º t.$lBN$mFGMON$sC.G. 6682 V. 966 ## $b003$d2.º t.$lBN$mFGMON$sC.G. 6682 V. 966 ## $b004$d2.º t$lBN$mMUSICA$sDOD.H. 194$x3
Etiqueta de registo: 00447cam 02200169 04500 001 526466 003 http://id.bnportugal.gov.pt/bib/catbnp/526466 005 19990103000000.0 095 ## $aPTBN00729516 100 ## $a19950512d1923 m y0pory0103 ba 101 0# $apor 102 ## $aPT 200 1# $aTerra de dor e de glória$fDurval Pires de Lima 210 #9 $aLisboa$cPortugal-Brasil,$d[1923] 215 ## $a1 v.$d19 cm 700 #1 $aLima,$bDurval Pires de,$f1905-1988$3135435 801 #0 $aPT$bBN$gRPC 966 ## $lBN$mFGMON$sL. 28870 P.
Etiqueta de registo: 00630cam 02200205 04500 001 529478 003 http://id.bnportugal.gov.pt/bib/catbnp/529478 005 19990103000000.0 095 ## $aPTBN00732527 100 ## $a19950524d1924 m y0pory0103 ba 101 0# $apor 102 ## $aPT 200 1# $aTerra de dor e de glória$econtos$fDurval Pires de Lima$gpref. Jaime Cortesão 210 #9 $aLisboa$cArtur Brandão,$d[D.L. 1924] 215 ## $aVII, 186 p., [1] f.$d19 cm 700 #1 $aLima,$bDurval Pires de,$f1905-1988$3135435 702 #1 $aCortesão,$bJaime,$f1884-1960$4080$319278 801 #0 $aPT$bBN$gRPC 966 ## $lBN$mFGMON$sL. 20146 P. 966 ## $lBN$mFGMON$sL. 20252 P.
Etiqueta de registo: 00896cam 2200289 450 001 885159 003 http://id.bnportugal.gov.pt/bib/catbnp/885159 005 20000520153100.0 095 ## $aPTBN01013222 100 ## $a19990511d1983 m y0pory0103 ba 101 0# $apor 102 ## $aPT 106 ## $ar 200 1# $a As cartas dos jesuítas$fDurval Pires de Lima 210 #9 $aLisboa$c[s.n.],$d1983 215 ## $ap. 215-243$d29 cm 305 ## $aSep. Rev. da Biblioteca Nacional, 12, 1983 675 ## $a266.1:82-6$vBN$zpor$3805464 675 ## $a271.5$vBN$zpor$3292852 675 ## $a82-6:266.1$vBN$zpor$3805465 675 ## $a94(469)(042)$vBN$zpor$3288146 700 #1 $aLima,$bDurval Pires de,$f1905-1988$3135435 801 #0 $aPT$bBN$gRPC 930 ## $lUCJPII$d271.5 LIMA 966 ## $lBN$mFGMON$pBiblioteca João Pedro Ferro$sR. 20291 V.$x3 998 ## $aJP139-5
Etiqueta de registo: 00543cam 2200181 450 001 429770 003 http://id.bnportugal.gov.pt/bib/catbnp/429770 005 20000520153100.0 095 ## $aPTBN00458822 100 ## $a19920322d1941 km y0pory0103 ba 101 0# $apor 102 ## $aPT 200 1# $aRelação do triunfo e coroação da Serenissima Rainha de Suecia$fed. lit. Durval Rui Pires de Lima 210 #9 $aLisboa$cImp. Libânio da Silva,$d1941 215 ## $a18 p.$d25 cm 702 #1 $aLima,$bDurval Pires de,$f1905-1988$4340$3135435 801 #0 $aPT$bBN$gRPC 966 ## $lBN$mFGMON$sH.g. 17735//11 V. 998 ## $aCI348-692
Etiqueta de registo: 00886cam 2200265 450 001 429333 003 http://id.bnportugal.gov.pt/bib/catbnp/429333 005 20020220150000.0 095 ## $aPTBN00458385 100 ## $a19981231d1930 m y0pory0103 ba 101 0# $apor 102 ## $aPT 106 ## $ar 200 1# $a O terremoto de 1755 e a freguesia de Sta. Isabel de Lisboa$erelação abreviada$fpor Durval R. Pires de Lima 210 #9 $a[S.l.$cs.n.],$dimp. 1930$eLisboa :$gImp. Lucas) 215 ## $a15, [1] p.$d24 cm 532 12 $a O terramoto de 1755 e a freguesia de Santa Isabel de Lisboa 675 ## $a94(469.411.16)"1755"$vBN$zpor$31030059 675 ## $a352(469.411.16)"1755"$vBN$zpor$31030060 675 ## $a262.2(469.411.16)"1755"$vBN$zpor$31030061 700 #1 $aLima,$bDurval Pires de,$f1905-1988$3135435 801 #0 $aPT$bBN$gRPC 966 ## $lBN$mFGMON$sH.G. 13740//9 V. 966 ## $lBN$mFGMON$sH.G. 15503//14 V. $x0 966 ## $lBN$mFGMON$sH.G. 49706 V.$x0 998 ## $aCI348-258
Etiqueta de registo: 00534cam 2200193 450 001 429097 003 http://id.bnportugal.gov.pt/bib/catbnp/429097 005 20010516134200.0 095 ## $aPTBN00458147 100 ## $a19920322d1943 m y0pory0103 ba 101 0# $apor 102 ## $aPT 105 ## $aa z 000yy 106 ## $ar 200 1# $aFrancisco de Sousa Coutinho$fDurval Pires de Lima 210 #9 $aLisboa$cTip. Editorial Império,$d1943 215 ## $a30, [1] p.$d26 cm 305 ## $aSep. da: Imprensa Médica, v. 10 675 ## $a341.7$vBN$zpor$3290252 675 ## $a929Coutinho, Francisco de Sousa(042)$vBN$zpor$31228889 700 #1 $aLima,$bDurval Pires de,$f1905-1988$3135435 801 #0 $aPT$bBN$gRPC 966 ## $lBN$mFGMON$sH.G. 17208//11 V. 966 ## $lBN$mFGMON$pBiblioteca Popular$sS.C. 103597 V.$x6 998 ## $aCI348-11
Etiqueta de registo: 00483cam 2200181 450 001 424324 003 http://id.bnportugal.gov.pt/bib/catbnp/424324 005 20000520153100.0 095 ## $aPTBN00453228 100 ## $a19911005d1930 km y0pory0103 ba 101 0# $apor 102 ## $aPT 200 1# $aCapetos e Habsburgos$fDurval R. Pires de Lima 210 #9 $aLisboa$cTip. e Papelaria Carmona,$d1930 215 ## $a1 v.$d24 cm 700 #1 $aLima,$bDurval Pires de,$f1905-1988$3135435 801 #0 $aPT$bBN$gRPC 966 ## $lBN$mFGMON$sH.G. 13991//1 V. 998 ## $aCI344-349
Etiqueta de registo: 00483cam 2200181 450 001 423993 003 http://id.bnportugal.gov.pt/bib/catbnp/423993 005 20000520153100.0 095 ## $aPTBN00452889 100 ## $a19910902d1930 km y0pory0103 ba 101 0# $apor 102 ## $aPT 200 1# $aCapetos e Habsburgos$fDurval R. Pires de Lima 210 #9 $aLisboa$cTip. e Papelaria Carmona,$d1930 215 ## $a1 v.$d24 cm 700 #1 $aLima,$bDurval Pires de,$f1905-1988$3135435 801 #0 $aPT$bBN$gRPC 966 ## $lBN$mFGMON$sH.G. 13951//15 V. 998 ## $aCI344-40
Etiqueta de registo: 00640cam 2200193 450 001 423990 003 http://id.bnportugal.gov.pt/bib/catbnp/423990 005 20010913175400.0 095 ## $aPTBN00452885 100 ## $a19910902d1930 m y0pory0103 ba 101 0# $apor 102 ## $aPT 105 ## $ay z 000yy 106 ## $ar 200 1# $a A Embaixada de Manuel de Saldanha ao imperador K'hanghi em 1667-1670$esubsídios para a história de Macau$fDurval R. Pires de Lima 210 #9 $aLisboa$cTip. e Papelaria Carmona,$d1930 215 ## $a23 p., [1] f. desdobr.$d24 cm 675 ## $a94(512.318)"1667/1670"$vBN$zpor$31006112 675 ## $a94(=1.469)(510)"1667/1670"$vBN$zpor$31006113 700 #1 $aLima,$bDurval Pires de,$f1905-1988$3135435 966 ## $lBN$mFGMON$sH.G. 13951//11 V. 966 ## $lBN$mFGMON$pBiblioteca Cordeiro Pereira$sH.G. 48725 V.$x3
Etiqueta de registo: 00894cam 02200241 04500 001 197952 003 http://id.bnportugal.gov.pt/bib/catbnp/197952 100 ## $a19981130d19711975m y0pory01030103ba 101 0# $apor 102 ## $aPT 105 ## $ay a 000yy 106 ## $ar 200 1# $aUltramar$einventário de opúsculos$esérie 5-vermelha$fDurval Rui Pires de Lima 210 #9 $aLisboa$cBiblioteca Popular de Lisboa,$d1971 215 ## $a4 v.$d22 cm 327 1# $a[1º v.]: tomos 1 e 2: nºs 1 a 731 e nºs 732 a 1452. - 352, XI, XII p.$a[2º v.]: tomos 3 e 4: nºs 1453 a 2152. - 1972. - p. 353-704, XI, X$atomos 5 e 6: nºs 2857 a 3493. - 1973. - p. 705-1040, XI, XI$a[4º v.]: tomo 7: 1975. - p. 1041-1257, X, XII 675 ## $a0/9(469-44)(01)$vBN$zpor$31672645 702 #1 $aLima,$bDurval Pires de,$f1905-1988$3135435 801 #0 $aPT$bBN$gRPC 966 ## $b001$d[1º v.]$lBN$mFGMON$sB. 13667 V. 966 ## $b001$d[2º v.]$lBN$mFGMON$sB. 13668 V. 966 ## $b001$d[3º v.]$lBN$mFGMON$sB. 13669 V. 966 ## $b001$d[4º v.]$lBN$mFGMON$sB. 13670 V.$x3 998 ## $aCR410 - 00308
Etiqueta de registo: 00670cam 22002051 450 001 737402 003 http://id.bnportugal.gov.pt/bib/catbnp/737402 005 19990108000000.0 095 ## $aPTBN00524645 100 ## $a19931217d1944 km y0pory0103 ba 101 0# $apor 102 ## $aPT 200 1# $aHistória breve duma teoria "A Relatividade" e breve ensaio sobre o modernismo$fDuarte Pires de Lima$gpref. de Joaquim Namorado 210 #9 $aPorto$cLatina Editora,$d1944 215 ## $a63 p.$d19 cm 225 2# $aCadernos azuis$e a evolução da humanidade 700 #1 $aLima,$bDurval Pires de,$f1905-1988$3135435 702 #1 $aNamorado,$bJoaquim,$f1914-1986$4080$328915 801 #0 $aPT$bBN$gRPC 966 ## $lBN$mFGMON$sS.A. 24213//17 P. 998 ## $aCB049-266
Etiqueta de registo: 00645cam 2200217 450 001 935893 003 http://id.bnportugal.gov.pt/bib/catbnp/935893 005 19991105085800.0 095 ## $aPTBN00950273 100 ## $a19941214d1930 k y0pory0103 ba 101 0# $apor 102 ## $aPT 200 0# $aHistória da dominação portuguêsa em Çafim (1506-1542)$fpor Durval R. Pires de Lima 210 #9 $aLisboa$c[s.n.],$d1930 215 ## $a115 p.$d25 cm 500 10 $aHistória da dominação portuguesa em Safim 675 ## $a946.9(64)"15"$vBN$zpor$3379024 700 #1 $aLima,$bDurval Pires de,$f1905-1988$3135435 801 #0 $aPT$bBN$gRPC 966 ## $lBN$mFGMON$sH.G. 5108 V.$x0 998 ## $aLLE43-167
Etiqueta de registo: 00731cam 2200241 450 001 935890 003 http://id.bnportugal.gov.pt/bib/catbnp/935890 005 20010529120900.0 095 ## $aPTBN00950270 100 ## $a19941014d1930 k y0pory0103 ba 101 0# $apor 102 ## $aPT 105 ## $ay z 000yy 106 ## $ar 200 1# $aAzamor$e os precedentes da conquista e a expedição do duque Dom Jaime$fDurval R. Pires de Lima 210 #9 $aLisboa$c[s.n.],$d1930$eLisboa :$gImpr. Lucas) 215 ## $a54 p.$d24 cm 675 ## $a94(469)"16"$vBN$zpor$3893377 675 ## $a325(64)"15"$vBN$zpor$3988171 700 #1 $aLima,$bDurval Pires de,$f1905-1988$3135435 801 #0 $aPT$bBN$gRPC 966 ## $lBN$mFGMON$pBiblioteca Pereira Cordeiro$sH.G. 48061 V.$x3 998 ## $aLLE43-163
Etiqueta de registo: 00725cam 22002291 450 001 744941 003 http://id.bnportugal.gov.pt/bib/catbnp/744941 005 20000520153100.0 095 ## $aPTBN00532207 100 ## $a19940107d1948 m a0pory0103 ba 101 0# $apor 102 ## $aPT 200 1# $aExposição olisiponense$ecatálogo$fLuís Maria de Castro e Azevedo, Durval Pires de Lima 210 #9 $aLisboa$cBib. Nacional,$d1948 215 ## $a[5], 292, [4] p., fac-simil.$cil.$d24 cm 700 #1 $aAzevedo,$bLuís Maria de Castro e,$fca 18- -$3717859 701 #1 $aLima,$bDurval Pires de,$f1905-1988$4070$3135435 801 #0 $aPT$bBN$gRPC 966 ## $lBN$mFGMON$nExiste exemplar em livre acesso na Sala Leitura Geral$sB. 2748 V. 966 ## $lBN$mFGMON$nExiste exemplar em livre acesso na Sala Leitura Geral$sB. 3076 V. 998 ## $aCB026-387
Etiqueta de registo: 00556cam 2200181 450 001 1023469 003 http://id.bnportugal.gov.pt/bib/catbnp/1023469 005 20000529000000.0 100 ## $a20000529d1937 m y0pory0103 ba 101 0# $apor 102 ## $aPT 106 ## $ar 200 1# $aMais alguns subsídios para a história da invencível armada$fDurval Pires de Lima 210 #9 $aLisboa$c[s.n.],$d1937 215 ## $a12 p.$cil.$d25 cm 305 ## $aSep. Trabalhos da Associação dos Arqueólogos Portugueses, 2 700 #1 $aLima,$bDurval Pires de,$f1905-1988$3135435 801 #0 $aPT$bBN$gRPC 966 ## $lBN$mFGMON$sH.G. 15610//16 V. $x0
Etiqueta de registo: 00527cam 022001931 04500 001 819915 003 http://id.bnportugal.gov.pt/bib/catbnp/819915 005 20000520153100.0 095 ## $aPTBN00471210 100 ## $a19920322d1943 km y0pory0103 ba 101 0# $apor 102 ## $aPT 200 1# $aFrancisco de Sousa Coutinho$fDurval Pires de Lima 210 #9 $aLisboa$cTip. Editorial Império,$d1943 215 ## $a30, [1] p.$d26 cm 305 ## $aSep. Ocidente, 20 700 #1 $aLima,$bDurval Pires de,$f1905-1988$3135435 801 #0 $aPT$bBN$gRPC 966 ## $lBN$mFGMON$sH.G. 17208//11 V. 998 ## $aCI238-107
Etiqueta de registo: 00578cam 2200205 450 001 1025698 003 http://id.bnportugal.gov.pt/bib/catbnp/1025698 005 20000619000000.0 100 ## $a20000619d1947 m y0pory0103 ba 101 0# $apor 102 ## $aPT 105 ## $ay z 000yy 106 ## $ar 200 1# $a Um documento para a história da " Triste Reina"$fDurval Pires de Lima 210 #9 $a[S.l.$cs.n.],$d1947 215 ## $ap. 579-590$d23 cm 305 ## $aSep. Rev. Las Ciências, 3 320 ## $aBibliografia, p. 589-590 700 #1 $aLima,$bDurval Pires de,$f1905-1988$3135435 801 #0 $aPT$bBN$gRPC 966 ## $lBN$mFGMON$sH.G. 17853//5 V. $x0
Etiqueta de registo: 00680cam 2200193 450 001 1024419 003 http://id.bnportugal.gov.pt/bib/catbnp/1024419 005 20000606000000.0 100 ## $a20000606d1941 km y0pory0103 ba 101 0# $apor 102 ## $aPT 105 ## $ay z 000yy 106 ## $ar 200 0# $aCarta que se escreveo a El-Rei D. João 4º em nome de seo pai o Duque Dom Theodosio
em 8 de Feuereiro de 641$f...dada á estampa... por Durval Pires de Lima 210 #9 $aLisboa$c[s.n.],$d1941$g(Of. Grafica Santelmo) 215 ## $a10 p.$d26 cm 500 11 $aCarta que se escreveu a El Rei Dom João 4º... 702 #1 $aLima,$bDurval Pires de,$f1905-1988$4340$3135435 801 #0 $aPT$bBN$gRPC 966 ## $lBN$mFGMON$sH.G. 16556//2 V. $x0
Etiqueta de registo: 00521cam 2200193 450 001 1021777 003 http://id.bnportugal.gov.pt/bib/catbnp/1021777 005 20000511000000.0 100 ## $a20000511d1932 m y0pory0103 ba 101 0# $apor 102 ## $aPT 105 ## $ay z 000yy 106 ## $ar 200 1# $a O rei e os privilegiados$fDurval Pires de Lima 210 #9 $aLisboa$c[s.n.],$d1932 215 ## $a20 p.$d27 cm 305 ## $aSep. do Arquivo Histórico de Portugal 700 #1 $aLima,$bDurval Pires de,$f1905-1988$3135435 801 #0 $aPT$bBN$gRPC 966 ## $lBN$mFGMON$sH.G. 14122//5 V. $x0
Etiqueta de registo: 00617cam 2200205 450 001 1004238 003 http://id.bnportugal.gov.pt/bib/catbnp/1004238 005 20011002134400.0 100 ## $a19991016d1930 m y0pory0103 ba 101 0# $apor 102 ## $aPT 105 ## $ay z 000yy 106 ## $ar 200 1# $aAntonio da Silva de Sousa e a residência de Suécia$fDurval R. Pires de Lima 210 #9 $aLisboa$cImpr. Lucas,$d1930 215 ## $a53 p.$d24 cm 675 ## $a341.7(=1.469)(485)"16"$vBN$zpor$31004503 700 #1 $aLima,$bDurval Pires de,$f1905-1988$3135435 801 #0 $aPT$bBN$gRPC 966 ## $lBN$mFGMON$sH.G. 5161//3 V. $x0 966 ## $lBN$mFGMON$pBiblioteca Cordeiro Pereira$sS.C. 89821 V.$x3
Etiqueta de registo: 00500nam 22001811i 450 001 1261682 003 http://id.bnportugal.gov.pt/bib/catbnp/1261682 100 ## $a20020606f19001989m y0pory0103 ba 101 0# $apor 102 ## $aPT 200 1# $aBibliografia corográfica de Portugal$fDurval Rui Pires de Lima 210 #9 $aLisboa$cBibl. Popular$d[19--] 215 ## $av.$d23 cm 300 ## $aEm publicação 327 1# $aTomo I [...] 700 #1 $aLima,$bDurval Pires de,$f1905-1988$3135435 801 #0 $aPT$bBN 801 #1 $aFR$bJOUVE 966 ## $lBN$mFGMON$nUsual Área de Referencia$sB. 5743 V.$x0 997 ## $aBIBEOD
Etiqueta de registo: 00516nam 22001571i 450 001 1261793 003 http://id.bnportugal.gov.pt/bib/catbnp/1261793 100 ## $a20020606d1945 m y0pory0103 ba 101 0# $apor 102 ## $aPT 200 1# $aDois livros portugueses do seculo XVI$fpor Durval Pires de Lima... 210 #9 $a[S.l.$cs.n.]$d1945 215 ## $ap. 109-116 a 2 coln.$cil.$d25 cm 305 ## $aSep. de Anais das Bibliotecas e Arquivos, 17, 63 700 #1 $aLima,$bDurval Pires de,$f1905-1988$3135435 801 #0 $aPT$bBN 801 #1 $aFR$bJOUVE 966 ## $lBN$mFGMON$sB.A.D. 2350 V.$x0
Etiqueta de registo: 00886nam 2200301 450 001 2149367 003 http://id.bnportugal.gov.pt/bib/catbnp/2149367 100 ## $a20231117d1955 m d0pory01030103ba 101 0# $apor 102 ## $aPT 105 ## $aa z 000yy 106 ## $ar 200 1# $aInventário de Lisboa.$hVol. 10$fNorberto de Araújo, Durval Pires de Lima$gil. J. Espinho, Rosa Duarte 210 #9 $aLisboa$cCâmara Municipal de Lisboa,$d1955 215 ## $a84 p.$cil.$d30 cm 317 ## $aDoação Biblioteca Particular de Eduardo Nery$5PTBN: B.A. 50171 V. 675 ## $a726.54(=1:469.411)"11/15"(083.82)$vBN$zpor$31899637 700 #1 $aAraújo,$bNorberto de,$f1889-1952$36575 701 #1 $aLima,$bDurval Pires de,$f1905-1988$4070$3135435 702 #1 $aEspinho,$bJosé,$f1915-1973$4440$3137723 702 #1 $aDuarte,$bRosa$4440$3124077 801 #0 $aPT$bBN$gRPC 966 ## $lBN$mFGMON$pBiblioteca Eduardo Nery$sB.A. 50171 V.$x3 971 ## $cjbeatriz$d20231117 973 ## $cigoulao$d20231121
Etiqueta de registo: 00254nbm 2200025 450 001 2286947 003 http://id.bnportugal.gov.pt/bib/catbnp/2286947 100 ## $a20260526d1929 k y0pory01030103ba 101 0# $apor 102 ## $aPT 105 ## $ay z 000yy 106 ## $ah 200 1# $a [ Duplicados das Ordens de Serviço de Augusto Botelho da Costa Veiga, Director da
Biblioteca Nacional de Lisboa, relativas à gestão de pessoal, nomeadamente, substituições
por ausências de funcionários e directores, transferência de pessoal nas diversas
divisões, licenças, responsabilidades das respectivas categorias, escalas de serviço,
suspensões de funcionários, concursos de pessoal, colocação de pessoal, processos
disciplinares, sindicância, louvores, e sobre organização, cumprimento de regulamentos,
convocação de reuniões, regras de catalogação, exposições e publicações] 210 #1 $aLisboa,$d14 de Janeiro de 1929-6 de Abril de 1950 215 ## $a668 doc.$d28 cm 300 ## $aCópias, algumas assinadas por Fernando Ernesto Bizarro Enes e Carlos Frederico de
Lancastre Schwalbach Lucci, Álvaro Vicente Leal e Arnaldo Faria de Ataíde e Melo (Bibliotecários
da BNL) 321 1# $aInventário do Arquivo Histórico da Biblioteca Nacional: 1796-1950. Lisboa: BN, 1996.
P. 56-57 327 11 $aInclui duplicados que não existem na forma original, datados de 7 de Janeiro de 1937
a 6 de Abril de 1950, alguns assinados por Augusto Botelho da Costa Veiga (Director),
Carlos Frederico de Lancastre Schwalbach Lucci, Álvaro Vicente Leal, Arnaldo Faria
de Ataíde e Melo, Durval Rui Pires de Lima, Manuela Candida Martins e Luisa Maria
de Castro Azevedo (Bibliotecários, Chefes de Secretária) 700 #1 $aVeiga,$bAugusto Botelho da Costa,$f1881-1965$352445 701 #1 $aSchwalbach,$bCarlos Frederico de Lancastre,$f1884-1970$4070$31999298 701 #1 $aEnes,$bFernando Ernesto Bizarro,$ffl. 1912$4070$31999299 701 #1 $aMelo,$bArnaldo Faria de Ataíde e,$f1886-1950$4070$3140914 701 #1 $aLima,$bDurval Pires de,$f1905-1988$4070$3135435 701 #1 $aAzevedo,$bLuísa Maria de Castro e,$f1890-?$4070$311985 801 #0 $aPT$bBN$gRPC 966 ## $lBN$mRESARQ$sAHBN/CR/08/Cx. 03-Mc. 03-01-668 971 ## $cmrosario$d20260527
|
|
|